How to invest without losing sleep? : (Record no. 83404)

MARC details
000 -LEADER
fixed length control field 00694nam a22002057a 4500
005 - DATE AND TIME OF LATEST TRANSACTION
control field 20140508122249.0
010 ## - LCCN (DPL NO)
LC control number ENG-109692
020 ## - INTERNATIONAL STANDARD BOOK NUMBER
International Standard Book Number 9781259058578
Terms of availability 375.00
020 ## - INTERNATIONAL STANDARD BOOK NUMBER
International Standard Book Number 1259058573
Terms of availability 375.00
035 ## - SYSTEM CONTROL NUMBER
System control number EN-93225
037 ## - SOURCE OF ACQUISITION
Source of stock number/acquisition DBAD/PUB
082 ## - DEWEY DECIMAL CLASSIFICATION NUMBER
Classification number 332.67
100 ## - MAIN ENTRY--PERSONAL NAME
Personal name Meenakshi Sundaram, V. R.
245 00 - TITLE STATEMENT
Title How to invest without losing sleep? :
Statement of responsibility, etc by V. R. Meenakshi Sundaram
Remainder of title time tested secrets to stress-free investing /
260 ## - PUBLICATION, DISTRIBUTION, ETC. (IMPRINT)
Place of publication, distribution, etc New Delhi
Name of publisher, distributor, etc Mcgraw Hill Education
Date of publication, distribution, etc 2014
270 ## - ADDRESS
Address P-24, Green Park Extension
City New Delhi
Postal code 110016
300 ## - PHYSICAL DESCRIPTION
Extent xix,229.
Dimensions 24cm(pbk)
500 ## - GENERAL NOTE
General note Includes bibloghaphical references
942 ## - ADDED ENTRY ELEMENTS (KOHA)
Source of classification or shelving scheme Dewey Decimal Classification
Item type English Books
Call number suffix MEE
Classification part 332.67
Holdings
Withdrawn status Lost status Not for loan Collection code Home library Current library Date acquired Source of acquisition Cost, normal purchase price Full call number Barcode Copy number Cost, replacement price Koha item type
    Not For Loan Non-fiction D.B.Act.Division D.B.Act.Division 11/04/2014 DBAD/PUB 375.00 332.67 MEE EN-93225 1 375.00 English Books

© Delhi Public Library
Hit Counter
free hit counter